Sintezy geterocikličeskich sojedinenij. Vypusk VIII

Uložené v:
Podrobná bibliografia
Médium: Kniha
Vydavateľské údaje: Jerevan : AN Armjanskoj SSR, 1969
Tagy: Pridať tag
Žiadne tagy, Buďte prvý, kto otaguje tento záznam!

MARC

LEADER 00000nam a22000003a 4500
001 stu15737
005 20141122022248.7
008 ------s1969----xxr---------------------d
040 |a STU  |b slo 
041 0
044 |a xxr 
080 |a 547.7  |7 stu_us_auth*stu15545 
245 |a Sintezy geterocikličeskich sojedinenij. Vypusk VIII 
260 |a Jerevan :  |b AN Armjanskoj SSR,  |c 1969 
300 |a 88 s :  |b Lit.,index 
996 |b C81006  |c C*81006  |l CCIV  |s P  |a 0  |w stu15737_0001